| 000 | 01493nam a2200397Ia 4500 | ||
|---|---|---|---|
| 001 | ebr10516114 | ||
| 003 | CaPaEBR | ||
| 006 | m u | ||
| 007 | cr cn||||||||| | ||
| 008 | 110314s2011 mnua sb 001 0 eng d | ||
| 010 | _z 2011011173 | ||
| 020 | _z9780816670284 | ||
| 020 | _z0816670285 | ||
| 020 | _z9780816670291 | ||
| 020 | _z0816670293 | ||
| 040 |
_aCaPaEBR _cCaPaEBR |
||
| 035 | _a(OCoLC)768082767 | ||
| 050 | 1 | 4 |
_aGE42 _b.S575 2011eb |
| 082 | 0 | 4 |
_a179/.1 _222 |
| 100 | 1 |
_aSmith, Mick, _d1961- |
|
| 245 | 1 | 0 |
_aAgainst ecological sovereignty _h[electronic resource] : _bethics, biopolitics, and saving the natural world / _cMick Smith. |
| 260 |
_aMinneapolis : _bUniversity of Minnesota Press, _cc2011. |
||
| 300 |
_axx, 269 p. : _bill. |
||
| 490 | 1 |
_aPosthumanities ; _v16 |
|
| 504 | _aIncludes bibliographical references and index. | ||
| 533 |
_aElectronic reproduction. _bPalo Alto, Calif. : _cebrary, _d2013. _nAvailable via World Wide Web. _nAccess may be limited to ebrary affiliated libraries. |
||
| 650 | 0 | _aEnvironmental ethics. | |
| 650 | 0 |
_aHuman ecology _xPhilosophy. |
|
| 650 | 0 |
_aBiopolitics _xPhilosophy. |
|
| 650 | 0 |
_aSovereignty _xMoral and ethical aspects. |
|
| 650 | 0 | _aCulture and globalization. | |
| 655 | 7 |
_aElectronic books. _2local |
|
| 710 | 2 | _aebrary, Inc. | |
| 830 | 0 |
_aPosthumanities ; _v16. |
|
| 856 | 4 | 0 |
_uhttp://site.ebrary.com/lib/rucke/Doc?id=10516114 _zAn electronic book accessible through the World Wide Web; click to view |
| 999 |
_c122391 _d122391 |
||